The Deadly Embrace: Religion, Politics, and Violence in the Indian Subcontinent, 1947-2002 (Record no. 348628)

000 -LEADER
fixed length control field 00465 a2200169 4500
020 ## - INTERNATIONAL STANDARD BOOK NUMBER
International Standard Book Number 0195473647
022 ## - INTERNATIONAL STANDARD SERIAL NUMBER
International Standard Serial Number 9780195473643
082 ## - DEWEY DECIMAL CLASSIFICATION NUMBER
Classification number 422.64
090 ## - LOCALLY ASSIGNED LC-TYPE CALL NUMBER (OCLC); LOCAL CALL NUMBER (RLIN)
-- 6258
-- 6258
100 ## - MAIN ENTRY--PERSONAL NAME
Personal name Talbot,Ian
245 ## - TITLE STATEMENT
Title The Deadly Embrace: Religion, Politics, and Violence in the Indian Subcontinent, 1947-2002
Statement of responsibility, etc. Ian Talbot
250 ## - EDITION STATEMENT
Edition statement New edition.
260 ## - PUBLICATION, DISTRIBUTION, ETC.
Place of publication, distribution, etc. New York
Name of publisher, distributor, etc. Oxford.
Date of publication, distribution, etc. 2007.
300 ## - PHYSICAL DESCRIPTION
Extent 191p.
500 ## - GENERAL NOTE
General note Hard cover
942 ## - ADDED ENTRY ELEMENTS (KOHA)
Institution code [OBSOLETE] NBS
Koha item type Book
Call number prefix 422.64 TAL
Holdings
Withdrawn status Lost status Damaged status Not for loan Permanent Location Current Location Date acquired Total Checkouts Full call number Barcode Date last seen Date last checked out Price effective from Koha item type
        Central Library (CL) Central Library (CL) 08/28/2013 1 422.64 TAL NBS8603 11/23/2017 08/24/2017 08/28/2013 Book
© 2023 Central Library, National University of Sciences and Technology. All Rights Reserved.